| 000 | 00845nam a22002771 4500 | ||
|---|---|---|---|
| 001 | 34720 | ||
| 003 | BD-RjUL | ||
| 005 | 20211209052212.0 | ||
| 008 | 140518s1968 nyua b 001 0 eng d | ||
| 035 | _a(BD-RjUL)34814 | ||
| 040 |
_aDLC _cDLC _dDLC _dBD-RjUL _beng |
||
| 041 | _aeng | ||
| 082 | 0 | 0 |
_a301.435 _bOLD 1968 |
| 245 | 0 | 0 |
_aOld people in three industrial societies / _cby Ethel Shanas ... [et. al.]. |
| 250 | _a1st ed. | ||
| 260 |
_aNew York : _bAtherton Press, _c1968. |
||
| 300 |
_ax, 478 p. : _bill. ; _c25 cm. |
||
| 504 | _aIncludes bibliographical references and index. | ||
| 650 | 0 |
_aOlder people _zUnited States. _9105633 |
|
| 650 | 0 |
_aOlder people _zGreat Britain. _917645 |
|
| 650 | 0 |
_aOlder people _zDenmark. _9105634 |
|
| 700 | 1 |
_aShanas, Ethel. _916289 |
|
| 942 |
_2ddc _cBK |
||
| 999 |
_c34720 _d34720 |
||